000 00512nam a2200169Ia 4500
008 090123s9999 xx 000 0 und d
082 _b678
_a891.463/भागवत
100 _aभागवत शशि
245 _aमर्मभेद भाग दोन
250 _a0
300 _a363
600 _aभागवत शशि
630 _aमर्मभेद भाग दोन
700 _aभागवत शशि
730 _aमर्मभेद भाग दोन
942 _cBOOK
999 _c38765
_d38765